What the Bible is all about; quick reference edition (Record no. 16564)

000 -LEADER
fixed length control field 00518nam a2200169 a 4500
001 - CONTROL NUMBER
control field :::00019562$&:&@@
003 - CONTROL NUMBER IDENTIFIER
control field OkBaRHE
005 - DATE AND TIME OF LATEST TRANSACTION
control field 20010917160928.0
008 - FIXED-LENGTH DATA ELEMENTS--GENERAL INFORMATION
fixed length control field s1986 j 000 0 eng u
040 ## - CATALOGING SOURCE
Transcribing agency
100 1# - MAIN ENTRY--PERSONAL NAME
Personal name Blankenbaker, Frances, gen. ed.
245 10 - TITLE STATEMENT
Title What the Bible is all about; quick reference edition
260 ## - PUBLICATION, DISTRIBUTION, ETC. (IMPRINT)
Place of publication, distribution, etc Ventura, CA
Name of publisher, distributor, etc Regal Books
Date of publication, distribution, etc 1986
300 ## - PHYSICAL DESCRIPTION
Extent 360 p.
942 ## - ADDED ENTRY ELEMENTS (KOHA)
Source of classification or shelving scheme
Koha item type Books
Copies
Date last seen Permanent Location Damaged status Copy number Lost status Full call number Koha item type Shelving location Withdrawn status Date acquired Price effective from Barcode Not for loan Source of classification or shelving scheme
2010-04-14RHEMA Bible Training College 1 BS 539 .W4BooksGeneral Stacks 2010-04-142010-04-1419562